[Event "Navarra-chTA"]
[Site "Pamplona"]
[Date "2015.10.24"]
[Round "3.7"]
[White "Perez Marchal, Javier"]
[Black "Monje Peinado, Roberto"]
[Result "1/2-1/2"]
[WhiteElo "2049"]
[BlackElo "2038"]
[PlyCount "25"]
[EventDate "2015.10.10"]
[EventType "team-tourn"]
[EventRounds "7"]
[EventCountry "ESP"]
[SourceTitle "CBM 169 Extra"]
[Source "ChessBase"]
[SourceDate "2015.12.18"]
[SourceVersion "1"]
[SourceVersionDate "2015.12.18"]
[SourceQuality "1"]
[WhiteTeam "San Juan"]
[BlackTeam "Orvina"]
[WhiteTeamCountry "ESP"]
[BlackTeamCountry "ESP"]

1. e4 c5 2. Nf3 Nc6 3. Bb5 Qb6 4. Bxc6 Qxc6 5. Nc3 Nf6 6. Qe2 a6 7. e5 Nd5 8. Nxd5 Qxd5 9. c4 Qc6 10. 0-0 e6 11. d4 cxd4 12. Nxd4 Qc7 13. Bf4 1/2-1/2

[Event "Navarra-chTA"]
[Site "Pamplona"]
[Date "2015.10.17"]
[Round "2.6"]
[White "Perez Marchal, Javier"]
[Black "De Pablos Fernandez, Mariano"]
[Result "1/2-1/2"]
[WhiteElo "2049"]
[BlackElo "1932"]
[PlyCount "33"]
[EventDate "2015.10.10"]
[EventType "team-tourn"]
[EventRounds "7"]
[EventCountry "ESP"]
[SourceTitle "CBM 169 Extra"]
[Source "ChessBase"]
[SourceDate "2015.12.18"]
[SourceVersion "1"]
[SourceVersionDate "2015.12.18"]
[SourceQuality "1"]
[WhiteTeam "San Juan"]
[BlackTeam "Oberena"]
[WhiteTeamCountry "ESP"]
[BlackTeamCountry "ESP"]

1. e4 e5 2. d4 exd4 3. Qxd4 Nc6 4. Qe3 Bb4+ 5. Nc3 d6 6. Bd2 Be6 7. 0-0-0 Nf6 8. Kb1 Qe7 9. f4 Bg4 10. Nf3 Bxc3 11. Bxc3 Qxe4 12. Qxe4+ Nxe4 13. Re1 d5 14. Ng5 0-0-0 15. Nxf7 Nxc3+ 16. bxc3 Rde8 17. Bb5 1/2-1/2

[Event "Pamplona Puente Foral op"]
[Site "Pamplona"]
[Date "2014.12.06"]
[Round "5"]
[White "Perez Marchal, Javier"]
[Black "Otano Villanueva, Joseba"]
[Result "1-0"]
[WhiteElo "2025"]
[BlackElo "1680"]
[PlyCount "54"]
[EventDate "2014.12.03"]
[EventType "swiss"]
[EventRounds "7"]
[EventCountry "ESP"]
[SourceTitle "CBM 163 Extra"]
[Source "ChessBase"]
[SourceDate "2014.12.23"]
[SourceVersion "1"]
[SourceVersionDate "2014.12.23"]
[SourceQuality "1"]

1. e4 e5 2. d4 exd4 3. Qxd4 Nc6 4. Qe3 g6 5. Nc3 Bg7 6. Bd2 Nf6 7. 0-0-0 d6 8. f4 Bg4 9. Nf3 Bxf3 10. Qxf3 Nd4 11. Qf2 c5 12. h3 Qb6 13. Bc4 0-0 14. Kb1 Rae8 15. Rhe1 Qc7 16. Nd5 Nxd5 17. Bxd5 a5 18. f5 gxf5 19. c3 Nb5 20. a4 Na7 21. exf5 Rxe1 22. Rxe1 Bf6 23. g4 Kh8 24. g5 Be5 25. f6 b5 26. Be4 d5 27. Bc2 bxa4 1-0

[Event "Huarte Puente Foral op 7th"]
[Site "Huarte"]
[Date "2012.12.06"]
[Round "3"]
[White "Perez Marchal, Javier"]
[Black "Diaz Herrero, Alvaro"]
[Result "0-1"]
[WhiteElo "1876"]
[BlackElo "2138"]
[PlyCount "62"]
[EventDate "2012.12.04"]
[EventType "swiss"]
[EventRounds "7"]
[EventCountry "ESP"]
[SourceTitle "EXT 2016"]
[Source "ChessBase"]
[SourceDate "2015.10.08"]
[SourceVersion "1"]
[SourceVersionDate "2015.10.08"]
[SourceQuality "1"]

1. e4 c5 2. Nf3 d6 3. d4 Nf6 4. Nc3 cxd4 5. Nxd4 g6 6. Be3 Bg7 7. f3 Nc6 8. Qd2 0-0 9. Bc4 Bd7 10. Bb3 Qa5 11. 0-0-0 Rfc8 12. Nd5 Qxd2+ 13. Rxd2 Nxd5 14. exd5 Nxd4 15. Bxd4 Bh6 16. h4 a5 17. c3 f6 18. Re1 Bxd2+ 19. Kxd2 Kf7 20. h5 b5 21. g4 b4 22. cxb4 axb4 23. Rh1 Ba4 24. hxg6+ hxg6 25. Rh7+ Ke8 26. f4 Bxb3 27. axb3 Ra5 28. Ke3 Rxd5 29. Rh8+ Kd7 30. Rh7 Rf8 31. Ke4 Rb5 0-1

[Event "Euskadi-chT (Vasca) Div 1st"]
[Site "Bergara"]
[Date "2012.01.14"]
[Round "1.1"]
[White "Mendikute Fierro, Claudio"]
[Black "Perez Marchal, Javier"]
[Result "1/2-1/2"]
[WhiteElo "2031"]
[BlackElo "1853"]
[PlyCount "36"]
[EventDate "2012.01.14"]
[EventType "team-tourn"]
[EventRounds "9"]
[EventCountry "ESP"]
[SourceTitle "EXT 2024"]
[Source "ChessBase"]
[SourceDate "2023.10.10"]
[SourceVersion "1"]
[SourceVersionDate "2023.10.10"]
[SourceQuality "1"]

1. e4 Nf6 2. e5 Nd5 3. d4 d6 4. c4 Nb6 5. exd6 exd6 6. Bd3 Be7 7. Qf3 Nc6 8. Ne2 Nb4 9. 0-0 Nxd3 10. Qxd3 0-0 11. Nbc3 Re8 12. Be3 Bf6 13. Ng3 c6 14. Nce4 d5 15. Nxf6+ Qxf6 16. c5 Nd7 17. Rfe1 Nf8 18. b4 a6 1/2-1/2

[Event "Huarte Puente Foral op-B 4th"]
[Site "Huarte"]
[Date "2009.12.08"]
[Round "8"]
[White "Jimenez Penafiel, Gustavo"]
[Black "Perez Marchal, Javier"]
[Result "1-0"]
[WhiteElo "1702"]
[BlackElo "1905"]
[PlyCount "67"]
[EventDate "2009.12.01"]
[EventType "swiss"]
[EventRounds "8"]
[EventCountry "ESP"]
[SourceTitle "EXT 2016"]
[Source "ChessBase"]
[SourceDate "2015.10.08"]
[SourceVersion "1"]
[SourceVersionDate "2015.10.08"]
[SourceQuality "1"]

1. d4 e6 2. c4 c5 3. e3 a6 4. Nc3 cxd4 5. exd4 Bb4 6. Bd3 Nf6 7. Nge2 h6 8. 0-0 0-0 9. Bf4 b6 10. Ne4 d5 11. Nxf6+ Qxf6 12. a3 Be7 13. Be5 Qg5 14. f4 Qh5 15. Qc2 f5 16. Qb3 dxc4 17. Bxc4 Nd7 18. Bxe6+ Kh8 19. Ng3 Qe8 20. Bd5 Ra7 21. Bc6 Qd8 22. Rfd1 Nxe5 23. dxe5 Qc7 24. Bf3 Bc5+ 25. Kh1 Qe7 26. Ne2 Rc7 27. Nc3 Be6 28. Bd5 Bxd5 29. Qxd5 Rfc8 30. Qd3 Qe6 31. Qxa6 Be3 32. Nd5 Qxd5 33. Rxd5 Rc1+ 34. Rd1 1-0

[Event "San Sebastian op 31st"]
[Site "San Sebastian"]
[Date "2008.03.22"]
[Round "8"]
[White "Perez Marchal, Javier"]
[Black "Neira Garcia, Manuel"]
[Result "1-0"]
[WhiteElo "1880"]
[BlackElo "2002"]
[PlyCount "47"]
[EventDate "2008.03.16"]
[EventType "swiss"]
[EventRounds "9"]
[EventCountry "ESP"]
[SourceTitle "CBM 123 Extra"]
[Source "ChessBase"]
[SourceDate "2008.05.06"]
[SourceVersion "1"]
[SourceVersionDate "2008.05.06"]
[SourceQuality "1"]

1. Nf3 d5 2. g3 Nf6 3. Bg2 c5 4. c4 d4 5. b4 e6 6. Qa4+ Bd7 7. b5 Qc7 8. d3 Bd6 9. Nbd2 0-0 10. Ng5 Be7 11. Rb1 Qb6 12. Nde4 Ne8 13. Bd2 a5 14. Nh3 e5 15. f4 Bxh3 16. Bxh3 f5 17. Nf2 Nd7 18. e4 dxe3 19. Bxe3 exf4 20. Bxf4 Qe6+ 21. Kd2 Ne5 22. Bg2 Nd6 23. Bd5 Ndxc4+ 24. dxc4 1-0

[Event "San Sebastian op 31st"]
[Site "San Sebastian"]
[Date "2008.03.18"]
[Round "3"]
[White "Bert, Jerome"]
[Black "Perez Marchal, Javier"]
[Result "1/2-1/2"]
[WhiteElo "2122"]
[BlackElo "1880"]
[PlyCount "69"]
[EventDate "2008.03.16"]
[EventType "swiss"]
[EventRounds "9"]
[EventCountry "ESP"]
[SourceTitle "CBM 123 Extra"]
[Source "ChessBase"]
[SourceDate "2008.05.06"]
[SourceVersion "1"]
[SourceVersionDate "2008.05.06"]
[SourceQuality "1"]

1. e4 e6 2. d4 d5 3. Nc3 Bb4 4. e5 Ne7 5. a3 Bxc3+ 6. bxc3 b6 7. a4 Ba6 8. Bb5+ Bxb5 9. axb5 c6 10. bxc6 Nbxc6 11. Nf3 Qc7 12. Qd3 Na5 13. 0-0 Rc8 14. Bd2 Nc4 15. Rfb1 Nxd2 16. Qb5+ Qc6 17. Nxd2 Qxb5 18. Rxb5 Rc7 19. Kf1 Kd7 20. Ke2 Rhc8 21. f4 Nc6 22. f5 Na5 23. Nb3 Rxc3 24. Rbxa5 Rxc2+ 25. Kd1 bxa5 26. Nc5+ R8xc5 27. dxc5 Rxg2 28. Rxa5 Kc6 29. Rxa7 Kxc5 30. Rxf7 Rg5 31. fxe6 Rxe5 32. Rxg7 Rxe6 33. Rxh7 Kd4 34. Kd2 Rg6 35. Rh4+ 1/2-1/2

[Event "San Sebastian op 31st"]
[Site "San Sebastian"]
[Date "2008.03.16"]
[Round "1"]
[White "Mateo, Ramon"]
[Black "Perez Marchal, Javier"]
[Result "1-0"]
[WhiteElo "2484"]
[BlackElo "1880"]
[PlyCount "71"]
[EventDate "2008.03.16"]
[EventType "swiss"]
[EventRounds "9"]
[EventCountry "ESP"]
[SourceTitle "CBM 123 Extra"]
[Source "ChessBase"]
[SourceDate "2008.05.06"]
[SourceVersion "1"]
[SourceVersionDate "2008.05.06"]
[SourceQuality "1"]

1. e4 c5 2. Nf3 Nc6 3. d4 cxd4 4. Nxd4 a6 5. Nc3 Nf6 6. Nb3 e6 7. Bg5 Be7 8. Qd2 h6 9. Bf4 b5 10. Bd3 d6 11. 0-0 Bb7 12. h3 Rc8 13. Rfe1 Qd7 14. Rad1 Ne5 15. a3 Ng6 16. Bh2 0-0 17. f4 Rfe8 18. Qe2 Qc6 19. Kh1 Nd7 20. Na5 Qc7 21. Nxb7 Qxb7 22. a4 Nc5 23. axb5 Nxd3 24. Qxd3 axb5 25. Nxb5 Red8 26. c4 d5 27. cxd5 exd5 28. e5 Rb8 29. Nd4 Qxb2 30. e6 Nh4 31. Re2 Qb7 32. f5 Ra8 33. exf7+ Kxf7 34. Rde1 Rd7 35. Qe3 Qb6 36. Qe6+ 1-0